Dinámica de la negociación estratégica: experiencias en América Latina

Uloženo v:
Podrobná bibliografie
Hlavní autor: Altschul, Carlos (Autor)
Médium: Kniha
Jazyk:španělština
Vydáno: Buenos Aires Granica 2003
Vydání:2a. ed
Edice:Management
Témata:
Tagy: Přidat tag
Žádné tagy, Buďte první, kdo vytvoří štítek k tomuto záznamu!

MARC

LEADER 00000nam a2200000 a 4500
001 UCI6623
003 CL-VaPUC
008 080516e20030000AG |||||||||||||||||spa|d
020 |a 9506414238 
082 0 4 |a 658.4052  |b ALT  |2 21 
100 0 |a Altschul, Carlos  |e author  |9 529557 
245 1 0 |a Dinámica de la negociación estratégica: experiencias en América Latina 
250 |a 2a. ed 
300 |a 279 p 
942 |c BK 
945 |d 20080516 00:00:00  |a jtorresc 
260 |a Buenos Aires  |b Granica  |c 2003 
500 |a IncIuye un cuaderno de bitácora 
650 0 |a Negociación  |9 307187 
650 0 |a Negocios  |9 262468 
650 0 |a Administración de empresas   |9 260833 
650 0 |a Proceso de comunicación   |9 332060 
651 0 |a América Latina   |9 255027 
583 |a last modification  |c 20080516 00:00:00  |k Rodrigo Vera 
490 0 |a Management 
999 |c 330078  |d 330076 
952 |0 0  |1 0  |4 0  |6 658_405200000000000_ALT_2003  |7 0  |8 A  |9 415381  |a BIBENE  |b BIBENE  |d 2019-11-22  |i 4440269  |o 658.4052 ALT 2003  |p 4440269  |r 2025-01-15  |w 2019-11-22  |y BK  |k ICO